Skúšobníctvo a posudzovanie zhody v Slovenskej republike

Štátne skúšobníctvo - historický vývoj a legislatíva od roku 1968 v Československu a na Slovensku. Posudzovanie zhody na Slovensku v podmienkach trhovej ekonomiky. Nový zákon o posudzovaní zhody výrobku, sprístupňovaní určeného výrobku na trhu a o zmene a doplnení niektorých zákonov účinný od 1. 4....

Descrizione completa

Salvato in:
Dettagli Bibliografici
Autore principale: Košútová, Tatiana, 1962-
Natura: Capitolo di libro
Lingua:slovacco
Soggetti:
Tags: Aggiungi Tag
Nessun Tag, puoi essere il primo ad aggiungerne!!

MARC

LEADER 00000naa$a2200000$$$4500
001 0250713
005 20240502074023.1
041 0 |a slo 
044 |a SK 
245 1 0 |a Skúšobníctvo a posudzovanie zhody v Slovenskej republike  |c Tatiana Košútová 
520 |a Štátne skúšobníctvo - historický vývoj a legislatíva od roku 1968 v Československu a na Slovensku. Posudzovanie zhody na Slovensku v podmienkach trhovej ekonomiky. Nový zákon o posudzovaní zhody výrobku, sprístupňovaní určeného výrobku na trhu a o zmene a doplnení niektorých zákonov účinný od 1. 4. 2018. 
610 2 0 |a obchod 
610 2 0 |a trh vnútorný 
610 2 0 |a pohyb tovaru 
610 2 0 |a Slovensko 
610 2 0 |a Československo 
610 2 0 |a testovanie výrobkov 
610 2 0 |a skúšobníctvo štátne 
610 2 0 |a posudzovanie zhody výrobkov 
610 2 0 |a certifikácia 
610 2 0 |a normy 
610 2 0 |a normy technické 
610 2 0 |a predpisy 
100 1 |a Košútová, Tatiana, 1962-